00589nam a2200169Ia 4500008004100000100001200041245011100053245002700164260005900191260000900250300000900259650001800268650001500286856002600301999001900327952007300346170221s9999 xx 000 0 und d aYing Li aExploring the Extrinsic and Intrinsic Motivations in Blogging: A Survey on Hong Kong University Students  cYing Li, Gongcheng Lin bOnline Journal of Communication and Media Technologies c2016 a10 : xCommunication xMedia Arts uhttp://www.ojcmt.net/ c313011d313011 001040aCLbCLd2017-02-21l0r2017-02-21 00:00:00w2017-02-21yFOJ